|
|
|
|
| LEADER |
00896cam a2200205 7i4500 |
| 001 |
0000009965 |
| 005 |
20020412090000.0 |
| 090 |
0 |
0 |
|a P 338.476151
|b NAT
|
| 245 |
0 |
0 |
|a Natural ingredients for pharmaceuticals :
|b Volume I : EU - Strategic Marketing Guide 2001.
|
| 260 |
0 |
0 |
|a Rotterdam:
|b Centre for Promotion of Imports from Developing Countries (CPI),
|c 2000.
|
| 300 |
# |
# |
|a 52 p.
|
| 440 |
0 |
0 |
|a EU Market Survey 2001
|
| 500 |
0 |
0 |
|a Volume I : EU- Strategic Marketing Guide 2001
|
| 500 |
0 |
0 |
|a Volume II : EU- Market Survey 2001
|
| 650 |
0 |
0 |
|a Pharmaceuticals industry --
|z European Union
|
| 650 |
0 |
0 |
|a Herbal medicinis --
|x Pharmaceuticals --
|z European Union
|
| 650 |
0 |
0 |
|a Natural ingredients --
|x Pharmaceuticals --
|x European Union
|
| 651 |
0 |
0 |
|a European Union
|
| 710 |
2 |
1 |
|a Centre for Promotion of Imports from Developing Countries (CPI)
|
| 999 |
|
|
|a 0000012553
|b Book
|c Products
|e Business Information Centre
|